000 00322nam a2200133Ia 4500
008 220216s9999 xx 000 0 und d
100 _aBachik A T B
245 0 _aNR industry: New directions for Malaysia
260 _bRubber News
_c1998
300 _a28-32
650 _aMalaysia
650 _aNR industry
942 _cJS
999 _c64145
_d64145